00925 2200313 4500001002100000005001500021035002000036007000300056040001600059100003000075245008300105250001200188300004000200504002900240041000800269082001000277084001600287090002200303264003700325336002100362337003000383338002300413650002200436700006600458850001000524008004100534990001800575990001800593INLIS00000000000771220260601082333 a0010-0922000201ta aSBUPADbInd0 aLars ForssbladePengarang1 aKompaksi (Pemampatan) Urukan Tanah dan Batuan Dengan Getaran /cLars Forssblad a.-Cet.1 aix, 218 hlm :bilus ;c19,5 x 14 cm abibliografi, hlm 213-21817aInd a631.3 a631.3 LAR k a631.3 LAR k L18-7 a.--Jakarta :bBina Aksara,c1989 2rdacontentateks 2rdamediaatanpa perantara 2rdacarrieravolume 4aPertaniIlmu Tanah0 aPenerjemah, Danny Rudiawan Indranada KartasapoetraePengarang aPUPAD260601 0  a18111/Br.2013 a18112/Br.2013